000 01066nam a22002295i 4500
001 162084
003 ES-MaACL
005 20250824090222.0
008 020128s1871 sp |||| | spa d
040 _aCAM
_bspa
_cCAM
100 0 _aPicón, José.
_991876
245 1 4 _aLos holgazanes
_b: zarzuela en tres actos y en verso /
_coriginal de José Picon ; música del maestro Francisco Asenjo Barbieri.
260 _aMadrid :
_b[s.n.],
_c1871 (
_fImprenta de José Rodríguez)
300 _a103 p. ;
_c18 cm.
490 1 _aEl teatro : colección de obras dramáticas y líricas
500 _aEn port.: Representada en el Teatro de la Zarzuela, el 25 de marzo de 1871.
500 _aSolo la letra.
700 1 _aBarbieri, Francisco A.,
_d1823-1894
_925463
830 0 3 _aEl teatro: colección de obras dramática y líricas
_9221753
852 _aES-MaACL
_jF-8633(6)
_z-- Enc. pasta española
_q-- Falto de la cub. original
_z-- Enc. en un vol. facticio formando parte de la col. facticia "Teatro español moderno", vol. 88
999 _c162084
_d162084